000 00562nam a2200205 a 4500
001 BRCA_6125
005 20190320205337.0
008 040711s1915----gw-a######---#000-0#ger-#
041 _ager
044 _agw
050 4 _aD526.5
_bG68
_c1915
245 1 0 _aGott Strafe England
_baus den Jahrenvordem Krieg
260 _aMúnich
_bSimplicissimus
_c[1915]
300 _a128 p.
_bil.
_c19 cm.
500 _aI30
650 1 4 _aCaricaturas
_912867
651 4 _aGuerra Europea
_xAnécdotas, chistes, sátiras, etc.
_y1914-1918
_915458
902 _aGFM
942 _2lcc
_cB
999 _c5812
_d5812